An introduction to electrical circuit theory / (Record no. 188955)
[ view plain ]
| 000 -LEADER | |
|---|---|
| fixed length control field | 00832 a2200205 4500 |
| 003 - CONTROL NUMBER IDENTIFIER | |
| control field | Nust |
| 005 - DATE AND TIME OF LATEST TRANSACTION | |
| control field | 20221103182507.0 |
| 010 ## - LIBRARY OF CONGRESS CONTROL NUMBER | |
| LC control number | 74152893 |
| 020 ## - INTERNATIONAL STANDARD BOOK NUMBER | |
| International Standard Book Number | 0333233859 |
| 040 ## - CATALOGING SOURCE | |
| Transcribing agency | Nust |
| 082 00 - DEWEY DECIMAL CLASSIFICATION NUMBER | |
| Classification number | 621.3192,WIL |
| 100 1# - MAIN ENTRY--PERSONAL NAME | |
| Personal name | Williams, G. |
| 9 (RLIN) | 102358 |
| 245 13 - TITLE STATEMENT | |
| Title | An introduction to electrical circuit theory / |
| 260 ## - PUBLICATION, DISTRIBUTION, ETC. | |
| Place of publication, distribution, etc. | [London] |
| Name of publisher, distributor, etc. | Macmillan |
| Date of publication, distribution, etc. | [1973] |
| 300 ## - PHYSICAL DESCRIPTION | |
| Extent | x, 209 p. |
| Other physical details | illus. |
| Dimensions | 24 cm. |
| 505 ## - FORMATTED CONTENTS NOTE | |
| Formatted contents note | Basic Definition and Circuits Laws (Page-1), Methods of Analysis and Networks Theorems (Page-18), The Circuit Elements of Capacitance and Inductance (Page-61), Transient Response of First-and Second-Order (Page-77), Steady-State Sinusoidal Response of Networks (Page-110), Networks Analysis Techniques (Page-164). |
| 650 #0 - SUBJECT ADDED ENTRY--TOPICAL TERM | |
| Topical term or geographic name entry element | Electric circuits. |
| 9 (RLIN) | 10997 |
| 650 #0 - SUBJECT ADDED ENTRY--TOPICAL TERM | |
| Topical term or geographic name entry element | Electric networks. |
| 9 (RLIN) | 41311 |
| 942 ## - ADDED ENTRY ELEMENTS (KOHA) | |
| Source of classification or shelving scheme | |
| Koha item type | Book |
| Withdrawn status | Lost status | Source of classification or shelving scheme | Damaged status | Not for loan | Permanent Location | Current Location | Shelving location | Date acquired | Full call number | Barcode | Date last seen | Price effective from | Koha item type | Public note | Total Checkouts |
|---|---|---|---|---|---|---|---|---|---|---|---|---|---|---|---|
| Military College of Signals (MCS) | Military College of Signals (MCS) | General Stacks | 12/12/2016 | 621.3192,WIL | MCS5736 | 12/08/2016 | 12/12/2016 | Book | Almirah No 30, Shelf No 1 | ||||||
| Military College of Signals (MCS) | Military College of Signals (MCS) | General Stacks | 11/03/2022 | 621.3192,WIL | MCS5639 | 11/03/2022 | 11/03/2022 | Book | Almirah No.30, Shelf No.1 |
